000 00637nam a2200229 i 4500
001 C2-0076951
003 PPAK
005 20180727082411.0
008 970429s1984 enka|||| ||||| | eng d
020 _a0333334280
040 _aPPAK
_beng
_cPPAK
_erda
082 0 4 _a338.70952
_223
090 0 0 _a338.70952
_bKON
_dR
100 1 _aKono, Toyohiro,
_eauthor
245 1 0 _aStrategy and structure of Japanese enterprises
264 1 _aLondon :
_bMac Millan ,
_c1984
300 _a352 pages :
_billustrations ;
_c22 cm
336 _2rdacontent
_atext
337 _2rdamedia
_aunmediated
338 _2rdacarrier
_avolume
942 _ddc
_cB
999 _c12187
_d12187